000 00203 a2200097 4500
020 _a0803710968
041 _aeng
100 _aWendy Cheyette Lewison
245 _aGoing to sleep on the farm
942 _cBK
999 _c29207
_d29205